| 000 | 00479 a2200169 4500 | ||
|---|---|---|---|
| 003 | OSt | ||
| 005 | 20231220122541.0 | ||
| 008 | 231220b |||||||| |||| 00| 0 eng d | ||
| 020 | _a9798181432797 | ||
| 040 | _coclc | ||
| 082 |
_a891.43 _bNAS/C |
||
| 100 |
_aNasrin, Taslima _95644 |
||
| 245 |
_aCHHOTE CHHOTE DUKH / _cTaslima Nasreen |
||
| 260 |
_aNew Delhi: _bVani Prakashan, _c2018. |
||
| 300 | _a255p | ||
| 942 |
_2ddc _cBK _h891.43 _iNAS/C _k891.43 _mNAS/C |
||
| 999 |
_c43507 _d43507 |
||